Islami Huquq : / اسلامی حقوق (Record no. 29134)
[ view plain ]
| 000 -LEADER | |
|---|---|
| fixed length control field | 01085nam a22002897a 4500 |
| 003 - CONTROL NUMBER IDENTIFIER | |
| control field | BDDh-ASL |
| 005 - DATE AND TIME OF LATEST TRANSACTION | |
| control field | 20231015031010.0 |
| 008 - FIXED-LENGTH DATA ELEMENTS--GENERAL INFORMATION | |
| fixed length control field | 220906s18941316xx ||||| |||| 00| 0 urd d |
| 040 ## - CATALOGING SOURCE | |
| Original cataloging agency | BDDh-ASL |
| Transcribing agency | BDDh-ASL |
| Modifying agency | BDDh-ASL |
| 041 ## - LANGUAGE CODE | |
| Language code of text/sound track or separate title | urd |
| 082 ## - DEWEY DECIMAL CLASSIFICATION NUMBER | |
| Classification number | 297 |
| Item number | BEI |
| 100 1# - MAIN ENTRY--PERSONAL NAME | |
| 9 (RLIN) | 6461 |
| Personal name | Beg, Mohammad |
| 245 1# - TITLE STATEMENT | |
| Title | Islami Huquq : / اسلامی حقوق |
| 246 ## - VARYING FORM OF TITLE | |
| Title proper/short title | Dil Bhula O Asheqan / دل بھلاوعاشقان |
| 246 ## - VARYING FORM OF TITLE | |
| Title proper/short title | Safai Muamalat / صفائی معاملات |
| 246 ## - VARYING FORM OF TITLE | |
| Title proper/short title | Tafsir-e Sura Rahman / تفسير سورہ رحمن |
| 246 ## - VARYING FORM OF TITLE | |
| Title proper/short title | Sura Yasin Ki Tafsir / سورۂ يسين کی تفسير |
| 246 ## - VARYING FORM OF TITLE | |
| Title proper/short title | Falasafi Ahkam Islam / فلاسفی احکام اسلام |
| 246 ## - VARYING FORM OF TITLE | |
| Title proper/short title | Ainul Hayat Fi Ijrail Khairat / عين الحيات فی اجراء الخيرات |
| 246 ## - VARYING FORM OF TITLE | |
| Title proper/short title | Tafsir-e Sura Tagabun / تفسير سورۂ تغابن |
| 246 ## - VARYING FORM OF TITLE | |
| Title proper/short title | Mazharul Aqaid / مظہر العقائد |
| 246 ## - VARYING FORM OF TITLE | |
| Title proper/short title | Huququl Ilm / حقوق العلم |
| 260 ## - PUBLICATION, DISTRIBUTION, ETC. | |
| Date of publication, distribution, etc. | 1894/1316 H. |
| 300 ## - PHYSICAL DESCRIPTION | |
| Extent | 16 p. : |
| Dimensions | 22 cm. |
| 650 #0 - SUBJECT ADDED ENTRY--TOPICAL TERM | |
| 9 (RLIN) | 1652 |
| Topical term or geographic name entry element | Islam |
| 942 ## - ADDED ENTRY ELEMENTS (KOHA) | |
| Source of classification or shelving scheme | Dewey Decimal Classification |
| Koha item type | Books |
| Withdrawn status | Lost status | Source of classification or shelving scheme | Damaged status | Not for loan | Collection code | Home library | Current library | Shelving location | Date acquired | Serial Enumeration / chronology | Total Checkouts | Full call number | Barcode | Date last seen | Copy number | Price effective from | Koha item type | Public note |
|---|---|---|---|---|---|---|---|---|---|---|---|---|---|---|---|---|---|---|
| Dewey Decimal Classification | Not For Loan | Non-fiction | Asiatic Society Library | Asiatic Society Library | General Stacks | 09/06/2022 | U-0810-A-I | 297 BEI | 117311 | 09/06/2022 | C-1 | 09/06/2022 | Books | Y-1894 |